01078pam a2200325 a 4500999001500000001000800015003000600023005001700029008004100046010001300087020002200100040001300122041001100135050002500146082002100171092002000192100002000212245014900232250002200381260004300403300002100446500002200467504003200489650001100521650004400532650002100576740002100597942001200618952012200630 c6960d69608626920OCoLC20190121200031.0820630s1983 cau b 001 0 eng  a82011882 a0060683317 (pbk.) aDLCcDLC1 aengfre0 aBF575.G8bT6813 19830 a233.4219bT728G0 a233.4bT7282211 aTournier, Paul.10aGuilt & grace :ba psychological study /cby Paul Tournier ; English translation by Arthur W. Heathcote assisted by J.J. Henry and P.J. Allcock. a1st U.S. pbk. ed. aSan Francisco :bHarper & Row,c[1983] a224 p. ;c21 cm. aIncludes indexes. aBibliography: p. [215]-217. 0aGuilt. 0aGuiltxReligious aspectsxChristianity. 0aGrace (Theology)01aGuilt and grace. 2ddccBK 00102ddc40708NFICaHMCbHMCcGENd2019-01-21g950.00l0o233.4 T728Gp007811r2019-01-21 00:00:00w2019-01-21yBK